Evaluation survey of agricultural demonstration plots (Record no. 475299)

MARC details
000 -LEADER
fixed length control field 00788nam a2200253Ia 4500
003 - CONTROL NUMBER IDENTIFIER
control field OSt
005 - DATE AND TIME OF LATEST TRANSACTION
control field 20220925164514.0
008 - FIXED-LENGTH DATA ELEMENTS--GENERAL INFORMATION
fixed length control field 220923b |||||||| |||| 00| 0 eng d
037 ## - SOURCE OF ACQUISITION
Terms of availability General Book
040 ## - CATALOGING SOURCE
Original cataloging agency RTL
Transcribing agency RTL
Language of cataloging eng
041 ## - LANGUAGE CODE
Source of code eng
Language code of text/sound track or separate title eng
110 ## - MAIN ENTRY--CORPORATE NAME
Corporate name or jurisdiction name as entry element GUJRAT, ECONOMICS AND STATISTICS (Bureau of--)
9 (RLIN) 230378
245 #0 - TITLE STATEMENT
Title Evaluation survey of agricultural demonstration plots
260 ## - PUBLICATION, DISTRIBUTION, ETC.
Place of publication, distribution, etc. Ahmedabad
Name of publisher, distributor, etc. Govt. Press India
Date of publication, distribution, etc. 1963
300 ## - PHYSICAL DESCRIPTION
Extent 117p.
Dimensions cm.
490 ## - SERIES STATEMENT
Series statement Its monograph.1
650 ## - SUBJECT ADDED ENTRY--TOPICAL TERM
Topical term or geographic name entry element Management
9 (RLIN) 30681
700 ## - ADDED ENTRY--PERSONAL NAME
Personal name GUJRAT, ECONOMICS AND STATISTICS (Bureau of--)
9 (RLIN) 230379
942 ## - ADDED ENTRY ELEMENTS (KOHA)
Classification part X9(J):8.235.N6, K3/GD
Koha item type General Books
Source of classification or shelving scheme Colon Classification (CC)
Holdings
Withdrawn status Lost status Damaged status Not for loan Home library Current library Date acquired Total Checkouts Full call number Barcode Date last seen Price effective from Koha item type
        Ratan Tata Library Ratan Tata Library 2022-09-25   X9(J):8.235.N6 K3/GD RT0032121 2022-09-25 2022-09-25 General Books
Copyright @ Delhi University Library System